000 00321nam a22001457a 4500
008 230516b ||||| |||| 00| 0 eng d
020 _a9781609945879
041 _aeng
080 _a159.9
082 _a159.9GEL
100 _a25
101 _aPSI
245 _aTHIS CHANGES EVERY THING
_cGELDER.V.S
942 _2udc
_cBK
999 _c59741
_d59741